| 000 | 00770nam a22002177a 4500 | ||
|---|---|---|---|
| 999 |
_c16750 _d16750 |
||
| 003 | AR-CdUCM | ||
| 008 | 190506b ||||| |||| 00| 0 spa d | ||
| 040 |
_aMUNICIPALIDAD PROVINCIAL DEL CUSCO _cBIBLIOTECA MUNICIPAL DEL CUSCO |
||
| 082 |
_a108 / _bA71 |
||
| 100 |
_aAristoteles _917411 |
||
| 245 | _aCategorías / | ||
| 260 |
_aBuenos Aires : _bAguilar, _c1962. |
||
| 300 |
_a95 páginas ; _c16 cm. |
||
| 505 | _aContenido : Aristóteles de Estagira, padre del pensamiento lógico de occidente -- La lógica aristotélica -- Cronología de la lógica aristotélica ... | ||
| 650 |
_aLógica _92358 |
||
| 650 |
_aAristotélica _936377 |
||
| 650 |
_aCategorías _94106 |
||
| 700 |
_aSamaranch, Francisco _936378 |
||
| 942 |
_2ddc _cLIBROS |
||
| 945 |
_arah _d06/05/2019 |
||